Statistics for Countries bordering Sudan

Click here to take the quiz!

General Stats

  • This quiz has been taken 200 times
  • The average score is 7 of 7

Answer Stats

Country% Correct
Egypt
99%
South Sudan
99%
Chad
97%
Ethiopia
96%
Eritrea
95%
Libya
94%
Central African Republic
89%

Score Distribution

Percentile by Number Answered

Percent of People with Each Score

Your Score History

You have not taken this quiz